[Event "Wolfsburg op-B"]
[Site "Wolfsburg"]
[Date "2024.11.16"]
[Round "2"]
[White "Drozd, Maciej"]
[Black "Hauernherm, Stefan"]
[Result "0-1"]
[WhiteElo "1773"]
[BlackElo "1956"]
[PlyCount "56"]
[EventDate "2024.11.15"]
[EventType "swiss"]
[EventRounds "5"]
[EventCountry "GER"]
[SourceTitle "CB49_2024"]
[SourceDate "2024.12.04"]
[SourceVersion "1"]
[SourceVersionDate "2024.12.04"]
[SourceQuality "1"]

1. e4 c5 2. Nc3 Nc6 3. f4 g6 4. Nf3 Bg7 5. Bc4 e6 6. 0-0 Nge7 7. d3 d5 8. Bb3 0-0 9. Qe1 Nd4 10. Nxd4 cxd4 11. Ne2 dxe4 12. dxe4 b5 13. Qb4 a5 14. Qc5 a4 15. f5 axb3 16. f6 Bxf6 17. Rxf6 Rxa2 18. Rxa2 bxa2 19. Qa3 Qb6 20. Rf2 Qa6 21. Qxe7 a1Q 22. Rf1 Qa7 23. Qf6 d3+ 24. Nd4 d2 25. Bxd2 Qxb2 26. Be3 Qc3 27. Qf4 Qaa3 28. Rd1 Qxe3+ 0-1